| 000 | 00900cam a2200181K 4500 | ||
|---|---|---|---|
| 082 |
_a952.031 _bRUS |
||
| 110 | 1 |
_aPrussia (Kingdom). _949435 |
|
| 245 | 1 | 4 |
_aThe Russo-Japanese war ... _cPrepared in the Historical section of the German General Staff. Authorised translation by Karl von Donat ... |
| 260 |
_aLondon, _bH. Rees, _c1908-14. |
||
| 300 |
_a1 online resource (7 v. in 8.) _bplates (partly fold.) maps (partly fold. in pocket) fold. diagrms. |
||
| 505 | 1 | _a[III] The battle of Liao-Yan.--[IV] The battle on the Scha-Ho. 2 v. --[VI] Between San-De-Pu and Mukden.--[VII] The battle of Mukden. pt. 1 From February 25 to March 3, 1905. | |
| 526 |
_a0 _b0 _c0 _d952_031000000000000_RUS |
||
| 650 | 0 |
_aMCE _9379 |
|
| 650 | 0 |
_aRusso-Japanese War, 1904-1905. _949509 |
|
| 700 | 1 |
_aDonat, Karl von, _949471 |
|
| 856 | 4 | 0 | _uhttp://catalog.hathitrust.org/api/volumes/oclc/45422035.html |
| 942 |
_2ddc _cBK |
||
| 999 |
_c553084 _d553084 |
||